| 000 | 00697nam a2200217Ia 4500 | ||
|---|---|---|---|
| 003 | GCL | ||
| 008 | 140319s9999 xx 000 0 ara d | ||
| 040 |
_aGCL / _cGCL |
||
| 082 | 0 | 4 | _a658.4 |
| 100 | 1 | _aمحمد سيد حمزاوى (مترجم) | |
| 245 | 1 | 0 |
_aمناهج التخطيط الادارى:تشخيص وحل المشكلات (مدخل نظم) / _cمحمد سيد حمزاوى (مترجم) |
| 700 | 1 | _aكوفمان , روجر | |
| 700 | 1 | _aمحمود حنفى (مترجم) | |
| 260 |
_a[S.N] : _bمكتبة مدبولى |
||
| 300 | _a129 ص | ||
| 490 | _a | ||
| 650 | 0 | 4 | _aالادارة |
| 650 | 0 | 4 | _aتخطيط |
| 650 | 0 | 4 | _aالمشاكل الادارية |
| 942 |
_2ddc _cBK |
||
| 999 |
_c35577 _d35577 |
||